[Event "SVK-chT3A2 1516"]
[Site "Slovakia"]
[Date "2016.01.31"]
[Round "7.5"]
[White "Husek, Lubomir"]
[Black "Matis, Tibor"]
[Result "1-0"]
[WhiteElo "1904"]
[BlackElo "1717"]
[PlyCount "99"]
[EventDate "2015.10.11"]
[EventType "team-tourn"]
[EventRounds "11"]
[EventCountry "SVK"]
[SourceTitle "EXT 2020"]
[Source "ChessBase"]
[SourceDate "2019.10.17"]
[SourceVersion "1"]
[SourceVersionDate "2019.10.17"]
[SourceQuality "1"]
[WhiteTeam "Gbely Nafta"]
[BlackTeam "Dunajska Streda II"]
[WhiteTeamCountry "SVK"]
[BlackTeamCountry "SVK"]

1. e4 c5 2. Nf3 e6 3. c4 Nc6 4. Nc3 a6 5. Be2 Nf6 6. 0-0 Be7 7. Re1 e5 8. d3 0-0 9. Bg5 Ne8 10. Bxe7 Qxe7 11. Nd5 Qd8 12. Qd2 d6 13. b4 b6 14. Rab1 Nd4 15. Bd1 Nf6 16. bxc5 bxc5 17. Nxd4 cxd4 18. Nxf6+ Qxf6 19. Rb6 Qd8 20. Qb4 Qg5 21. Rxd6 Bh3 22. Bf3 h5 23. Qa5 h4 24. Kh1 Be6 25. c5 Rfc8 26. Rb6 Kh7 27. c6 Qd8 28. Qc5 Qc7 29. a4 a5 30. Rc1 Rcb8 31. Rb5 Bb3 32. Qxe5 Qxe5 33. Rxe5 Bxa4 34. Rec5 Bb3 35. c7 Rc8 36. e5 Ra7 37. Be4+ g6 38. f4 a4 39. f5 Kg7 40. fxg6 fxg6 41. Rc6 a3 42. Rxg6+ Kf7 43. Rf1+ Ke7 44. Rg7+ Ke6 45. Bf5+ Kxe5 46. Bxc8 a2 47. Ra1 Kd6 48. Be6 Bxe6 49. c8Q Rxg7 50. Qf8+ 1-0

[Event "SVK-chT3A2 1415"]
[Site "Slovakia"]
[Date "2015.01.25"]
[Round "7.1"]
[White "Husek, Lubomir"]
[Black "Sarmir, Milos"]
[Result "0-1"]
[WhiteElo "1854"]
[BlackElo "2011"]
[PlyCount "85"]
[EventDate "2014.10.19"]
[EventType "team-tourn"]
[EventRounds "11"]
[EventCountry "SVK"]
[SourceTitle "EXT 2019"]
[Source "ChessBase"]
[SourceDate "2018.10.10"]
[SourceVersion "1"]
[SourceVersionDate "2018.10.10"]
[SourceQuality "1"]

1. e4 d6 2. d4 c6 3. Nf3 g6 4. Nc3 Bg7 5. Be3 Nf6 6. h3 0-0 7. Qd2 Qc7 8. Bh6 b5 9. Bxg7 Kxg7 10. a3 a5 11. Bd3 Nbd7 12. 0-0 Bb7 13. Rfe1 e5 14. d5 b4 15. axb4 axb4 16. Na4 cxd5 17. exd5 Bxd5 18. Be2 Rfb8 19. b3 Nc5 20. Nxc5 Qxc5 21. Rxa8 Rxa8 22. Bd1 Ne4 23. Qe2 Nc3 24. Qd2 Ra2 25. Nh4 Nxd1 26. Rxd1 Bxb3 27. Qg5 Qxc2 28. Rxd6 Qxf2+ 29. Kh2 f6 30. Qg4 Bf7 31. Rd3 Qf4+ 32. Rg3 Qxg4 33. Rxg4 b3 34. Nf5+ Kf8 35. Nd6 Bd5 36. Nb5 f5 37. Rg3 Rc2 38. Na3 f4 39. Rg5 Re2 40. Nb5 b2 41. Nc3 Re3 42. Nxd5 b1Q 43. Nxe3 0-1

[Event "SVK-chT3A2 1415"]
[Site "Slovakia"]
[Date "2014.11.30"]
[Round "4.1"]
[White "Husek, Lubomir"]
[Black "Lopatievov, Alexander"]
[Result "1-0"]
[WhiteElo "1854"]
[BlackElo "1926"]
[PlyCount "117"]
[EventDate "2014.10.19"]
[EventType "team-tourn"]
[EventRounds "11"]
[EventCountry "SVK"]
[SourceTitle "EXT 2019"]
[Source "ChessBase"]
[SourceDate "2018.10.10"]
[SourceVersion "1"]
[SourceVersionDate "2018.10.10"]
[SourceQuality "1"]

1. e4 d6 2. d4 Nf6 3. Nc3 c6 4. Nf3 Bg4 5. Be2 e6 6. 0-0 Be7 7. Be3 0-0 8. Nd2 Bxe2 9. Qxe2 Nbd7 10. f4 e5 11. a3 a6 12. Rad1 Qc7 13. Nb3 Rfe8 14. dxe5 dxe5 15. f5 c5 16. Qf3 b5 17. Rd2 c4 18. Nc1 Bc5 19. N1e2 Qb6 20. Bxc5 Qxc5+ 21. Kh1 a5 22. Nd5 b4 23. Rfd1 Rab8 24. axb4 axb4 25. Nxf6+ Nxf6 26. Rd6 Rb6 27. Rd8 Qe7 28. Rxe8+ Nxe8 29. b3 Rd6 30. Ng3 Rxd1+ 31. Qxd1 Qd6 32. Qe2 cxb3 33. cxb3 Qd4 34. h3 h6 35. Qf3 Nf6 36. Qe2 Qc3 37. Qf3 Qc2 38. Kh2 Kf8 39. Kg1 Nd7 40. Nh5 Nc5 41. Qg3 Qd1+ 42. Kh2 Qxh5 43. Qxe5 Nxb3 44. Qd6+ Kg8 45. Qxb4 Qd1 46. Qb8+ Kh7 47. Qc7 Nd2 48. Qxf7 Nf1+ 49. Kg1 Ng3+ 50. Kh2 Qd6 51. Qg6+ Qxg6 52. fxg6+ Kxg6 53. Kxg3 Kf6 54. Kf3 Ke5 55. Ke3 g6 56. g3 h5 57. h4 Kf6 58. Kf4 Ke6 59. Kg5 1-0

[Event "SVK-chT3A2 1415"]
[Site "Slovakia"]
[Date "2014.11.16"]
[Round "3.1"]
[White "Danada, Ondrej"]
[Black "Husek, Lubomir"]
[Result "1-0"]
[WhiteElo "1870"]
[BlackElo "1854"]
[PlyCount "123"]
[EventDate "2014.10.19"]
[EventType "team-tourn"]
[EventRounds "11"]
[EventCountry "SVK"]
[SourceTitle "EXT 2019"]
[Source "ChessBase"]
[SourceDate "2018.10.10"]
[SourceVersion "1"]
[SourceVersionDate "2018.10.10"]
[SourceQuality "1"]

1. d4 d5 2. c4 c6 3. Nc3 e6 4. Nf3 Nf6 5. Bg5 Be7 6. Qc2 Nbd7 7. e3 h6 8. Bh4 0-0 9. Bd3 dxc4 10. Bxc4 b5 11. Bd3 a6 12. 0-0 Bb7 13. Ne4 Rc8 14. Nc5 Nxc5 15. dxc5 Nd7 16. Bxe7 Qxe7 17. b4 e5 18. Bh7+ Kh8 19. Bf5 Rcd8 20. Bxd7 Rxd7 21. Rfd1 Rfd8 22. Rxd7 Rxd7 23. Rd1 e4 24. Rxd7 Qxd7 25. Qd2 Qxd2 26. Nxd2 f5 27. f3 exf3 28. gxf3 Kg8 29. Kf2 Kf7 30. e4 f4 31. Nb3 Kf6 32. Nd4 g6 33. Ke2 Ke5 34. Kd3 Kf6 35. Kc3 Ke5 36. h4 Kf6 37. Ne2 Ke5 38. Nc1 g5 39. hxg5 hxg5 40. Nd3+ Kf6 41. Kd4 Ke6 42. Ne5 Ke7 43. Ng4 Bc8 44. Nf2 Kf6 45. e5+ Kf5 46. Ne4 Be6 47. Nd6+ Kg6 48. a3 Bd5 49. Ne4 Bb3 50. Nd2 Bc2 51. Ne4 Kf5 52. e6 Kxe6 53. Nxg5+ Kf5 54. Nf7 Bb3 55. Nd6+ Kg5 56. Ke5 Bd5 57. Ne4+ Kg6 58. Kxf4 Kf7 59. Ke5 Ke7 60. f4 Kf7 61. Nd6+ Ke7 62. f5 1-0

[Event "SVK-chT3A2 1314"]
[Site "Slovakia"]
[Date "2013.12.01"]
[Round "4.3"]
[White "Sarmir, Milos"]
[Black "Husek, Lubomir"]
[Result "1-0"]
[WhiteElo "2075"]
[BlackElo "1829"]
[PlyCount "69"]
[EventDate "2013.10.13"]
[EventType "team-tourn"]
[EventRounds "11"]
[EventCountry "SVK"]
[SourceTitle "EXT 2015"]
[Source "ChessBase"]
[SourceDate "2014.11.20"]
[SourceVersion "1"]
[SourceVersionDate "2014.11.20"]
[SourceQuality "1"]
[WhiteTeam "Cifer"]
[BlackTeam "Holic"]
[WhiteTeamCountry "SVK"]
[BlackTeamCountry "SVK"]

1. e4 d6 2. d4 Nf6 3. Nc3 g6 4. Nf3 Bg7 5. Be2 0-0 6. 0-0 c5 7. d5 Nbd7 8. Bg5 h6 9. Be3 Ng4 10. Qd2 Nxe3 11. Qxe3 Nf6 12. Nd2 a6 13. a4 Bd7 14. Kh1 Rb8 15. f4 Qc8 16. h3 h5 17. e5 Ne8 18. e6 fxe6 19. Bd3 e5 20. fxe5 Bf5 21. e6 Bxd3 22. Qxd3 Kh7 23. Nde4 Nf6 24. Ng5+ Kh6 25. Nf7+ Kh7 26. Rf4 Qe8 27. Raf1 b5 28. axb5 axb5 29. Ne4 Nxe4 30. Qxe4 Ra8 31. b3 Ra6 32. Rh4 Bf6 33. Rxh5+ Kg7 34. Rxf6 exf6 35. Rh7+ 1-0

[Event "SVK-chT3A2 1011"]
[Site "Slovakia"]
[Date "2010.10.17"]
[Round "1.6"]
[White "Husek, Lubomir"]
[Black "Lajda, Dusan"]
[Result "1/2-1/2"]
[WhiteElo "1786"]
[BlackElo "1890"]
[PlyCount "50"]
[EventDate "2010.10.17"]
[EventType "team-tourn"]
[EventRounds "11"]
[EventCountry "SVK"]
[SourceTitle "EXT 2012"]
[Source "ChessBase"]
[SourceDate "2011.11.24"]
[SourceVersion "1"]
[SourceVersionDate "2011.11.24"]
[SourceQuality "1"]
[WhiteTeam "Holic"]
[BlackTeam "Vrbove"]
[WhiteTeamCountry "SVK"]
[BlackTeamCountry "SVK"]

1. e4 c5 2. Nf3 Nc6 3. d4 cxd4 4. Nxd4 d6 5. Nc3 Nf6 6. Be2 g6 7. Be3 Bd7 8. 0-0 Bg7 9. f4 0-0 10. Kh1 a6 11. Qd2 b5 12. a3 Rc8 13. Bf3 Na5 14. b3 Qc7 15. Nd5 Nxd5 16. exd5 e5 17. dxe6 fxe6 18. Rad1 d5 19. Rf2 Nb7 20. Rdf1 Nd6 21. Qd3 Rfe8 22. g4 Qc3 23. Rd1 Rf8 24. Bg2 Qxd3 25. Rxd3 Rc7 1/2-1/2

[Event "SVK-chT3A2 0910"]
[Site "Slovakia"]
[Date "2010.01.17"]
[Round "6.8"]
[White "Husek, Lubomir"]
[Black "Gasa, Patrik"]
[Result "1-0"]
[WhiteElo "1749"]
[BlackElo "1465"]
[PlyCount "137"]
[EventDate "2009.10.18"]
[EventType "team-tourn"]
[EventRounds "11"]
[EventCountry "SVK"]
[SourceTitle "EXT 2011"]
[Source "ChessBase"]
[SourceDate "2010.11.26"]
[SourceVersion "1"]
[SourceVersionDate "2010.11.26"]
[SourceQuality "1"]
[WhiteTeam "Holic"]
[BlackTeam "Senica"]
[WhiteTeamCountry "SVK"]
[BlackTeamCountry "SVK"]

1. e4 c5 2. Nf3 d6 3. d4 cxd4 4. Nxd4 Nf6 5. Nc3 g6 6. Be3 Bg7 7. f3 a6 8. Bc4 Nc6 9. Qd2 Nxd4 10. Bxd4 0-0 11. 0-0-0 Qc7 12. Bb3 Bd7 13. g4 Rfc8 14. h4 b5 15. h5 a5 16. hxg6 hxg6 17. Nd5 Qd8 18. Nxf6+ exf6 19. Qh2 Be6 20. Qh7+ Kf8 21. Bxe6 fxe6 22. Qxg6 Qc7 23. Rd2 Qf7 24. Qxf7+ Kxf7 25. Be3 Rd8 26. Rh4 e5 27. Rdh2 d5 28. exd5 Rxd5 29. Rh7 Rad8 30. Rd2 Rxd2 31. Bxd2 Kg6 32. Rh5 a4 33. a3 Rf8 34. Kd1 Rd8 35. Ke2 Rd4 36. c3 Rc4 37. Rh1 f5 38. gxf5+ Kxf5 39. Rg1 Bf6 40. Rg8 Rc5 41. Rb8 Rd5 42. Be3 Bh4 43. c4 bxc4 44. Rb4 Ra5 45. Rxc4 Bf6 46. Bd2 Ra6 47. Bc3 Be7 48. Re4 Bd6 49. Kd3 Ra7 50. Kc4 Ke6 51. Kb5 Rf7 52. Kxa4 Rxf3 53. Kb3 Kd5 54. Rh4 Rf4 55. Rh8 Rf2 56. a4 e4 57. Re8 Re2 58. a5 Bc5 59. Re5+ Kc6 60. Kc4 Ba7 61. b4 e3 62. b5+ Kc7 63. Re7+ Kb8 64. b6 Bxb6 65. axb6 Rc2 66. Kd3 Rc1 67. Be5+ Kc8 68. Rc7+ Rxc7 69. bxc7 1-0